| 000 | 00297 a2200097 4500 | ||
|---|---|---|---|
| 001 | 12985 | ||
| 100 | _aClemens,S.L | ||
| 245 | _aKing Arthur's court: An Authoritative Text backgrounds and sources composition and publications criticism | ||
| 260 |
_a _bW W Norton & Company _c |
||
| 090 |
_c9985 _d9985 |
||
| 942 |
_aNUST-CAE _cM _c36916 |
||
| 999 |
_c248058 _d248058 |
||